| 000 | 00418nam a2200157Ia 4500 | ||
|---|---|---|---|
| 008 | 230312s9999||||xx |||||||||||||| ||und|| | ||
| 020 | _a81-88458-96-1 | ||
| 082 |
_a621.381 _bBAR-T |
||
| 100 | _aBaral,R.N | ||
| 245 | 0 | _aTelemetry and Data Transmission | |
| 260 |
_bS.K.Kataria & Sons _aIndia _c2007 |
||
| 300 | _a247 | ||
| 546 | _aEng. | ||
| 650 |
_aEngineering _vTelemetry,Digital Modulation Techniques |
||
| 942 | _cBK | ||
| 999 |
_c1608 _d1608 |
||